000 00267nam a2200121Ia 4500
008 190216s9999||||xx |||||||||||||| ||und||
100 _aKunhi Kuttan Thamburan
245 0 _aAscharya Choodamani
260 _bNull
300 _a156
650 _aNadakam
942 _cBK
999 _c24334
_d24334